000 00309 a2200145 4500
001 48279
040 _cAnchieta - Bela Vista
100 _aBraz, Júlio Emílio
240 1 0 _aPollyanna
_lpor
245 1 0 _aPollyanna
300 _a55p.
362 0 _a2007
650 4 _aLiteratura infanto-juvenil
942 _cBK
999 _c48279
_d48279